| 000 | 00662nam a2200181Ia 4500 | ||
|---|---|---|---|
| 008 | 151018s9999 xx 000 0 und d | ||
| 082 |
_bRBASDV47495 _a910.4 |
||
| 100 | _aसुहास बारटक्के | ||
| 245 | _aकोकणातल्या आडवाटा | ||
| 250 | _b1 | ||
| 260 |
_bनवचेतन्य प्रकाशन मुंबई _c2009 |
||
| 300 | _a96 | ||
| 600 | _aसुहास बारटक्के | ||
| 630 | _aकोकणातल्या आडवाटा | ||
| 700 | _aसुहास बारटक्के | ||
| 730 | _aकोकणातल्या आडवाटा | ||
| 942 | _cBOOK | ||
| 999 |
_c1046627 _d1046624 |
||